Responses for Show #6807 - Tuesday, April 1, 2014

Battle of the Decades: The 2000s game 2.

Contestants

[<< previous game]

Stephanie Jass, a history professor from Milan, Michigan

Roger Craig, a data scientist from Brooklyn, New York

Vijay Balse, a chemical engineer consulting in renewable energy from Chatham, New Jersey

[next game >>]

Jeopardy! Round responses

THE "AUGHT"S
AMERICAN NOVELISTS
BRAND NAMES
CABLE NETWORKS
INVENTORS & INVENTIONS
I STAND BEFORE THE COUNTRY
(Alex: You have to complete the country's two-word name.)
    $200 1
fraught

Vijay
    $200 7
(Herman) Melville

Vijay
    $200 14
[Stephanie silently counts on her fingers before responding; Alex and the audience laugh.]
(Alex: Aren't you glad you've got at least five fingers on that hand?)
(Stephanie: Indeed, indeed!)

Skippy

Stephanie
    $200 12
the History Channel

Roger
    $200 19
the stethoscope

Roger
    $200 26
East

Stephanie
    $400 2
distraught

Roger
    $400 8
(Henry) Miller

Stephanie
    $400 15
Pyrex

Vijay
    $400 22
BET

Roger
    $400 20
an aerosol

Stephanie
    $400 27
Cape

Roger
    $600 4
Naughty

Stephanie
    $600 9
Faulkner

Vijay
    $600 16
(Vijay: What's NyQuil?)

Robitussin

Vijay
Triple Stumper
    $600 23
Animal Planet

Stephanie
    $600 21
a Super Soaker

Roger
    $600 28
South

Roger
    $800 5
slaughterhouses

Stephanie
    $800 10
(Patricia) Cornwell

Roger
    $800 17
Samsonite

Vijay
    $800 24
(Roger: What is... Fashion?)

Lifetime

RogerStephanie
    $1,400 13
Dolby

Roger
    $800 29
Marshall (or Solomon)

Vijay
    $1000 6
Connaught

Stephanie
    $1000 11
Donna Tartt

Stephanie
    $1000 18
(Alex: ICS for [*].)

in corpore sano

Triple Stumper
    $1000 25
Syfy

Stephanie
    $1000 3
Cyrus McCormick

Stephanie
    $1000 30
Brunei

Roger

Scores at the first commercial break (after clue 15):

Vijay Roger Stephanie
$1,400 $2,800 $5,000

Scores at the end of the Jeopardy! Round:

Vijay Roger Stephanie
$2,400 $5,200 $8,000

Double Jeopardy! Round responses

KING JAMES BIBLE QUOTES
HISTORIC OBJECTS
WORLD NEWSPAPERS
MANKIEWICZES AT THE MOVIES
TRIPLE RHYME TIME
CERN
(Jimmy: The research center in Switzerland that's helped us communicate globally via the Internet and is discovering the nature of subatomic particles.)
    $400 12
(Vijay: Who is [*]?)
(Alex: I'm sorry?)
(Vijay: Who is [*]?)

Peter

Vijay
    $400 18
the Hindenburg

Vijay
    $400 22
Pravda

Vijay
    $400 26
[ERRATUM: "Welles" was misspelled in the clue as shown.]

Citizen Kane

Roger
    $400 13
(Stephanie: What is a top cop's crop?)
(Alex: Yes... no.)
[Stephanie appears to realize her mistake.]

top cop crop

VijayStephanie
    $400 14
absolute zero

Roger
    $800 8
(Roger: What are... affairs?)

house

RogerStephanie
    $800 19
L-A-N-D

Stephanie
    $800 23
Cairo

Vijay
    $800 30
Contessa

Roger
    $800 3
(Alex: Yeah, you got 'em all, you got all three.)

goat coat boat (or boat goat coat)

Stephanie
    $800 21
the World Wide Web

Roger
    $1200 9
adultery

Stephanie
    $1200 1
Sputnik

Roger
    $1200 7
Le Monde

Stephanie
    $1200 29
The Marx Brothers

Roger
    $1200 4
max wax tax

Vijay
    $1200 17
carbon

Vijay
    $3,000 10
(Alex: Stephanie?)
(Stephanie: What is "All is... lost"?)
[Laughter]

vanity

Stephanie
    $6,400 2
(Roger: You know how I like to roll, Alex--True Daily Double.)
[Laughter]

the Maltese Falcon

Roger
    $1600 24
La Prensa

Vijay
    $1600 28
Sleuth

Roger
    $1600 5
(Stephanie: What is the... rabbit abbot... cabot?)
(Roger: What is... a skunk monk's...)

rabbit abbot habit

RogerStephanie
Triple Stumper
    $1600 16
weak force

Roger
    $2000 11
Emmanuel

Stephanie
    $2000 20
Doubloon

Roger
    $2000 25
(Roger: What is... Stern?)

Bild

VijayRoger
    $2000 27
(Roger: Who is... Crawford?)
(Stephanie: Who is--[Shaking head] Anne Bancroft?)
(Vijay: Who is Arden?)
(Alex: Who is [*]? No harm, no foul on that one.)

Anne Baxter

VijayRogerStephanie
Triple Stumper
    $2000 6
(Alex: That's weird.)
[Roger chuckles.]

your post roast boast

Triple Stumper
    $2000 15
magnets

Roger

Scores at the end of the Double Jeopardy! Round:

Vijay Roger Stephanie
$8,800 $17,200 $7,800

[wagering suggestions for these scores]

Final Jeopardy! Round responses

FAMOUS WOMEN
StephanieWho is Susan B. Anthony?
$7,800
VijayWho was S.B. Anthony?
$8,800
RogerWho is Anthony?
$401
Susan B. Anthony

Final scores:

Vijay Roger Stephanie
$17,600 $17,601 $15,600
2nd place: $5,000 Quarterfinalist 3rd place: $5,000

Game dynamics:

Coryat scores:

Vijay Roger Stephanie
$8,800 $11,800 $10,800
15 R,
2 W
21 R
(including 2 DDs),
5 W
18 R,
4 W
(including 1 DD)

Combined Coryat: $31,400

[game clues] [game scores] [suggest correction]

Game tape date: 2014-01-22
The J! Archive is created by fans, for fans. Scraping, republication, monetization, and malicious use prohibited; this site may use cookies and collect identifying information. See terms. The Jeopardy! game show and all elements thereof, including but not limited to copyright and trademark thereto, are the property of Jeopardy Productions, Inc. and are protected under law. This website is not affiliated with, sponsored by, or operated by Jeopardy Productions, Inc. Join the discussion at JBoard.tv.